Регионална библиотека "Любен Каравелов" - Русе

Вътрешни болести (Запис номер 4553)

MARC детайли
000 -Лидер
Контролно поле с фиксирана дължина 01779nam a2200373 c 4500
003 - Код на организацията, давaща контролен номер
Контролно поле BLK
005 - Дата и час на последна редакция
Контролно поле 20210203113329.0
008 - Елементи от данни с фиксирана дължина
fixed length control field 180412b bul|||||r ||||||| ||bul||
010 ## - Наследен системен номер
LC control number KNG00005696000
020 ## - Международен стандартен номер на книга ISBN
Международен стандартен номер на книга ISBN 954-621-004-8
040 ## - Източник на каталожния запис
Идентификатор на билиотеката - собственик на записа BLK
041 ## - Код за език
Код за езика на текст/звукозапис или на отделно заглавие Български
Код за езика КДБФ Български
080 ## - УДК
Текстов определител УДК Вътрешни болести
УДК код - определител по УДК 616.1/.4
УДК определител (075.8)
УДК - код + определител 616.1/.4(075.8)
139 ## - Редно поле
Редна дума Вътрешни болести
Авторски знак Въс - В 98
245 10 - Сведения за заглавието
Заглавие Вътрешни болести
Подзаглавни данни Учебник за студенти по медицина : Т. 1 -
Редно поле (дума) под ред. на Чудомир Кирилов Начев; авт. на том Божко Божков; под ред. на на том Николай Беловеждов.
Том Т. 4
Заглавие на том Терапия на вътрешните болести
257 ## - Страна на издаване
Страна на създаване/издаване България
260 ## - Област на издателските данни
Име на издателя, разпространителя и проч. Фонд. за мед. изследвания Проф. д-р С. Киркович
Година на издаване 1993 -
Място на издаване, разпространение и проч. Ст. Загора
300 ## - Физическа характеристика
Размери/Мащаб 30 см
380 ## - Жанр
Жанр Медицина
500 ## - Общи забележки
Забележка Офс. изд.
650 #4 - Допълнително описание по предмет – тема
Основно описание – тема или топоним Вътрешни болести - учебници за ВУЗ
9 (RLIN) 244372
653 ## - Ключова дума – ненормативна
Ключова дума болести
653 ## - Ключова дума – ненормативна
Ключова дума вътрешни болести
653 ## - Ключова дума – ненормативна
Ключова дума терапия
700 1# - Други автори (авторска отговорност)
Лично име Начев, Чудомир Кирилов
Автороска отговорност (Описва отношението между автора и произведението) под ред. на
9 (RLIN) 245190
700 1# - Други автори (авторска отговорност)
Лично име Божков, Божко
Автороска отговорност (Описва отношението между автора и произведението) авт. на том
9 (RLIN) 248826
700 1# - Други автори (авторска отговорност)
Лично име Беловеждов, Николай
Автороска отговорност (Описва отношението между автора и произведението) под ред. на на том
9 (RLIN) 248827
760 1# - Описание на основната серия
Място на издаване, издател и година Знание, 1994
Страници - том 256 с. : порт.
Заглавие Т. 4 Терапия на вътрешните болести
852 ## - Местоположение
Форматна сигнатура Цб ІІ 8148
856 4# - Електронен адрес и достъп
Електронен формат pdf - файл
Път до файла /url/
856 4# - Електронен адрес и достъп
Електронен формат pdf - файл
Път до файла /url/
999 ## - СИСТЕМНИ КОНТРОЛНИ НОМЕРА
Koha biblionumber 4553
Koha biblioitemnumber 4553
942 ## - АРТИКУЛИ
Вид на библиотечния материал Книги
Скрит в OPAC Не
Koha issues (borrowed), all copies 2
Периодичен библиозапис Да
944 ## - СЪЗДАВАНЕ И РЕДАКЦИЯ на ЗАПИСА
Създаване/Редакция Създаване
Дата на регистрацията/редакция 15.01.2003
Служител, извършил регистрацията/редакцията Кети_Илиева
944 ## - СЪЗДАВАНЕ И РЕДАКЦИЯ на ЗАПИСА
Създаване/Редакция Редакция
Дата на регистрацията/редакция 25.01.2013
999 ## - СИСТЕМНИ КОНТРОЛНИ НОМЕРА
Koha biblioitemnumber 4553
Наличности
Код за отписване Код за изгубен артикул Източник на класификационната схема Код за повреда Коз за рестрикции Код за отдаване Артикулен № Име на библиотеката - собственик Име на библиотеката, в която се намира в момента Статус (Текущо местоположение) Дата на вписване в системата Местоположение - отдел Цена в лева Инвентарен номер Систематично азбучна сигнатура Баркод Номер на екземпляра Цена в евро Служебна бележка Служебен тип на артикула
  Не е изгубен Universal Decimal Classification Не е повреден без рестрикции ползва се в читалня 8083 Регионална библиотека "Любен Каравелов" Русе Регионална библиотека "Любен Каравелов" Русе Хранилище 1994-01-01 Хранилище 0.00 609455 Цб II 8148 120000609455 1 0.00 Дост: Dp Вид: Д N: 3 Дата: 01.01.1994 Книги
  Не е изгубен Universal Decimal Classification Не е повреден без рестрикции ползва се в читалня 8084 Регионална библиотека "Любен Каравелов" Русе Регионална библиотека "Любен Каравелов" Русе Читалня 1997-01-01 Читалня 0.06 629044 Ч 616.1/.4/В 98 120000629044 2 0.03 Дост: Pk Вид: Ф N: стар фонд Дата: 01.01.1997 Дата инв: 20.03.2017 Бележки инв: Ч2017 Книги
  Не е изгубен   Не е повреден без рестрикции заемане за дома 8085 Регионална библиотека "Любен Каравелов" Русе Регионална библиотека "Любен Каравелов" Русе Заемна - подръчен фонд 2004-08-23 Заемна - подръчен фонд 5.00 120000687827 П 616.1/.4/В 98 120000687827 3 2.56 Дост: DA Вид: А N: 20 Дата: 19.08.2004 Дата инв: 02.02.2018 Бележки инв: П2018 Книги
Vip Innovations Ltd, Rousse, Bulgaria 2025